Rural Marketing : Focus on Agricultural Inputs (Record no. 10814)

MARC details
000 -LEADER
fixed length control field 00341nam a2200133Ia 4500
008 - FIXED-LENGTH DATA ELEMENTS--GENERAL INFORMATION
fixed length control field 191201s2006 xx 000 0 und d
082 ## - DEWEY DECIMAL CLASSIFICATION NUMBER
Classification number 381.410
Item number SIR
100 ## - MAIN ENTRY--PERSONAL NAME
Personal name SINGH, Sukhpal
245 #0 - TITLE STATEMENT
Title Rural Marketing : Focus on Agricultural Inputs
260 ## - PUBLICATION, DISTRIBUTION, ETC. (IMPRINT)
Place of publication, distribution, etc New Delhi
Name of publisher, distributor, etc Vikas Pub.
Date of publication, distribution, etc 2018
300 ## - PHYSICAL DESCRIPTION
Extent 138
650 ## - SUBJECT ADDED ENTRY--TOPICAL TERM
Topical term or geographic name as entry element B Com
942 ## - ADDED ENTRY ELEMENTS (KOHA)
Source of classification or shelving scheme Dewey Decimal Classification
Koha item type Text Books
Holdings
Withdrawn status Lost status Source of classification or shelving scheme Damaged status Not for loan Collection code Home library Current library Date acquired Source of acquisition Currency Cost, normal purchase price Bill Number Total Checkouts Full call number Acc. no. / Barcode Date last seen Actual Cost, discounted price Bill Date Koha item type
    Dewey Decimal Classification     B.Com PIET NCR College Library PIET NCR College Library 24/07/2021 Kirti Prakashan IN Rupees 350.00 IN2290   381.410 SIR N1718 06/08/2021 234.50 24/07/2021 Text Books
    Dewey Decimal Classification     B.Com PIET NCR College Library PIET NCR College Library 24/07/2021 Kirti Prakashan IN Rupees 350.00 IN2290   381.410 SIR N1719 06/08/2021 234.50 24/07/2021 Text Books
    Dewey Decimal Classification     B.Com PIET NCR College Library PIET NCR College Library 24/07/2021 Kirti Prakashan IN Rupees 350.00 IN2290   381.410 SIR N1720 06/08/2021 234.50 24/07/2021 Text Books
    Dewey Decimal Classification     B.Com PIET NCR College Library PIET NCR College Library 24/07/2021 Kirti Prakashan IN Rupees 350.00 IN2290   381.410 SIR N1721 06/08/2021 234.50 24/07/2021 Text Books
    Dewey Decimal Classification     B.Com PIET NCR College Library PIET NCR College Library 24/07/2021 Kirti Prakashan IN Rupees 350.00 IN2290   381.410 SIR N1722 06/08/2021 234.50 24/07/2021 Reference Books

Design & Developed by: PIET Central Library
R70 Miles Stone Pattikalyana Samalkha Panipat 132102
mail ID :- [email protected], Phone No:- 0180-2569700 Ex.216